000 00556nam a22001697a 4500
005 20260301161118.0
010 _aBACEN26
020 _a9788119922383
_c850.00
037 _bKBA
082 _a000
100 _aGoodman, W.R.
_987978
245 _a5800 Objective Type Questions on English Literature for Competitive Examinations /
_cby W.R Goodman
260 _aDelhi
_bDoaba Publications
_c2025
270 _aShanti Mohan House, 16 Ansari Road Darya Ganj,
_bNew Delhi
_e110002
300 _avp.
_c24cm(pb)
942 _2ddc
_cEN
_h000
_mGOO
999 _c215065
_d215065